[Event "CRO-chT"]
[Site "Makarska"]
[Date "1994.??.??"]
[Round "5"]
[White "Cvitan, Ognjen"]
[Black "Tolnai, Tibor"]
[Result "1/2-1/2"]
[WhiteElo "2570"]
[BlackElo "2540"]

1.d4 d5 2.c4 c6 3.Nf3 Nf6 4.Nc3 a6 5.c5 Bf5 6.Qb3 Qc8 7.h3 Nbd7 8.Bf4 g6
9.e3 Bg7 10.Be2 O-O 11.O-O Ne4 12.Bh2 Re8 13.Na4 f6 14.Bd3 e5 15.Qc2 Qd8
16.Rad1  1/2-1/2

[Event "Maribor Pirc"]
[Site "Maribor"]
[Date "1994.??.??"]
[Round "6"]
[White "Gostisa, Leon"]
[Black "Barle, Janez"]
[Result "1/2-1/2"]
[WhiteElo "2410"]
[BlackElo "2440"]

1.d4 d5 2.Nf3 c6 3.c4 Nf6 4.Nc3 a6 5.e3 b5 6.cxd5 cxd5 7.Bd3 e6 8.Bd2 Be7
9.Rc1 O-O 10.O-O Nbd7 11.Qb3 Bb7 12.Ne2 Ne4 13.Bb4 Bxb4 14.Qxb4 a5 15.Qb3 b4
16.Rc2 Ba6 17.Bxa6 Rxa6 18.Rfc1 g5 19.Qd3 Ra7 20.Ne5 Nxe5 21.dxe5 g4 22.Ng3 Nxg3
23.Qd4 Ne2+ 24.Rxe2 Rc7 25.Qxg4+ Kh8 26.Rcc2 Rxc2 27.Rxc2 Qb8 28.Qf4 Rc8
29.Rxc8+ Qxc8 30.h4 Kg8 31.h5 Qc1+ 32.Kh2 Kf8 33.Qf6 Ke8 34.Qh8+ Ke7 35.Qf6+ Ke8
36.b3 Qc2 37.Qh8+ Ke7 38.Qf6+ Ke8 39.Kg3 d4 40.exd4 Qxa2 41.Qf3 Qc2 42.Qa8+ Ke7
43.Qb7+ Ke8 44.Qb5+ Ke7 45.Qxa5 Qxb3+ 46.Kf4 Qc3 47.Qa7+ Ke8 48.Kg5 Qd2+
49.f4 h6+ 50.Kf6 Qxf4+ 51.Kg7 Qg5+ 52.Kh7 Qxh5 53.Qb8+ Kd7  1/2-1/2

[Event "Maribor Pirc"]
[Site "Maribor"]
[Date "1994.??.??"]
[Round "8"]
[White "Tratar, Marko"]
[Black "Barle, Janez"]
[Result "1/2-1/2"]
[WhiteElo "2380"]
[BlackElo "2440"]

1.d4 d5 2.Nf3 c6 3.c4 Nf6 4.Nc3 a6 5.Ne5 Nbd7 6.g3 e6 7.Nxd7 Bxd7 8.Qb3 b5
9.cxd5 cxd5 10.Bg2 Qa5 11.O-O b4 12.Nb1 Be7 13.a4 bxa3 14.Nxa3 O-O 15.Bf4 Qa4
16.Qxa4 Bxa4 17.Rfc1 Rfc8 18.Nc4 Bb5 19.Nb6 Rxc1+  1/2-1/2

[Event "Marijampole op"]
[Site "Marijampole"]
[Date "1994.??.??"]
[Round "9"]
[White "Zvara, Petr"]
[Black "Stefanek, Piotr"]
[Result "1/2-1/2"]
[WhiteElo "2315"]
[BlackElo "2065"]

1.d4 d5 2.c4 c6 3.Nf3 Nf6 4.Nc3 a6 5.Bg5 Ne4 6.cxd5 Nxg5 7.Nxg5 cxd5 8.f4 e6
9.e3 Nd7 10.Nf3 Bd6 11.Bd3 Nf6 12.O-O O-O 13.Ne5 b5 14.Rf3 Bb7 15.Rh3 g6
16.Qf3 Rc8 17.Rf1 Bb4 18.Rh6 Kg7 19.Qh3 Bxc3 20.bxc3 Rh8 21.g4 Ne4 22.Bxe4 dxe4
23.g5 f5 24.gxf6+ Qxf6 25.Kh1 Qf5 26.Qh4 Qf6 27.Qg3 Bc6 28.Rg1 Be8 29.Rh5 Rxc3
30.Rg5 Rg8 31.Ng4 Qe7 32.Qe1 b4 33.Nh6 Rf8 34.Qh4 Qc7 35.d5 Rxe3 36.dxe6 Qxf4
37.Qxf4 Rxf4 38.Nf5+ Rxf5 39.Rxf5 Rf3 40.Rxf3 exf3 41.Rg4 Bc6 42.Kg1 Bd5
43.Rxb4 Bxa2 44.Re4 Kf8 45.e7+ Ke8 46.Re5 Bf7 47.Kf2 a5 48.Kxf3 a4 49.Kf4 a3
50.Ra5 Kxe7 51.Rxa3 Kf6 52.Ra6+ Be6 53.Rb6 h5 54.Ra6 Kf7 55.Ke5 Bf5 56.Ra7+ Kg8
57.Kf6 Bd3 58.Rg7+ Kh8 59.Re7 Bf5 60.Kg5 Kg8 61.Kh6 Bd3 62.Rc7 Bf5 63.Rg7+ Kf8
64.Kh7 Be4 65.Kh8 Bf5 66.Ra7 Be4 67.Ra6 Kf7 68.Kh7 Bf5 69.Ra7+ Kf8 70.Rc7 Be4
71.Rc5 Bf5 72.Rc6 Kf7 73.Rc7+ Kf8 74.Kh6 Kg8 75.Rg7+ Kf8 76.Ra7 Kg8 77.Kg5 Be4
78.Kf6 Bf5 79.Ra8+ Kh7 80.Re8 Bd3 81.Re7+ Kg8 82.Rg7+ Kh8 83.Rxg6  1/2-1/2

[Event "BLR-ch"]
[Site "Minsk"]
[Date "1994.??.??"]
[Round "7"]
[White "Smirnov, Valerij"]
[Black "Lutsko, Igor"]
[Result "1-0"]
[WhiteElo "2305"]
[BlackElo "2420"]

1.d4 d5 2.c4 c6 3.Nf3 Nf6 4.Nc3 a6 5.a4 Bf5 6.Qb3 Ra7 7.a5 e6 8.Nh4 Bg4 9.h3 Bh5
10.g4 Bg6 11.Nxg6 hxg6 12.Bg2 Bd6 13.Qb6 Qxb6 14.axb6 Ra8 15.c5 Be7 16.b4 O-O
17.Bf4 Nbd7 18.O-O Rfe8 19.Bg3 g5 20.f3 Nh7 21.e4 Nhf8 22.f4 gxf4 23.Bxf4 Ng6
24.Bh2 Bg5 25.exd5 exd5 26.Nxd5 cxd5 27.Bxd5 Bf6 28.Kh1 Rad8 29.Bxb7 Bxd4
30.Rxa6 Nge5 31.c6 Nxb6 32.c7 Rd7 33.Rxb6 Rxc7 34.Rb5 Rb8 35.Rxe5 Bxe5 36.Bxe5 Rcxb7
37.Bxb8 Rxb8 38.Rb1 Rb5 39.Kg2 g6 40.Kf3 Kg7 41.Ke3 f5 42.g5 Kf7 43.Kd4 Ke6
44.Kc4 Re5 45.b5 Kd7 46.b6 Kc8 47.b7+ Kb8 48.Kd4 Re4+ 49.Kd5 Re3 50.Rb6 Rxh3
51.Ke5 Rg3 52.Rxg6 Kxb7 53.Kxf5 Kc7 54.Re6 Kd7 55.Re1 Rg2 56.Kf6 Rg3 57.g6 Rf3+
58.Kg7 Rh3 59.Kf7 Rf3+ 60.Kg8 Rh3 61.g7  1-0

[Event "Mondariz op"]
[Site "Mondariz"]
[Date "1994.??.??"]
[Round "?"]
[White "Izeta Txabarri, Felix"]
[Black "Cruz Lopez Claret, Carlos"]
[Result "1-0"]
[WhiteElo "2505"]
[BlackElo "2315"]

1.d4 d5 2.c4 c6 3.Nf3 Nf6 4.Nc3 a6 5.c5 g6 6.Bf4 Bg7 7.h3 O-O 8.e3 Nbd7 9.Be2 Ne8
10.O-O Nc7 11.Qb3 Re8 12.Rad1 e5 13.Nxe5 Nxe5 14.Bxe5 Bxe5 15.dxe5 Qe7 16.e4 d4
17.Rxd4 Ne6 18.Rd6 Nxc5 19.Qd1 Qxe5 20.f4 Qe7 21.e5 Be6 22.Qd4 Nd7 23.Ne4 Red8
24.Rd1 Bd5 25.Nc3 Nf8 26.Nxd5 cxd5  1-0

[Event "Moravia-ch op"]
[Site "Moravia"]
[Date "1994.??.??"]
[Round "?"]
[White "Chytilek, Roman"]
[Black "Fuksik, Jakub"]
[Result "1/2-1/2"]
[WhiteElo "2300"]
[BlackElo "2155"]

1.d4 d5 2.c4 c6 3.Nf3 Nf6 4.Nc3 a6 5.cxd5 cxd5 6.Bf4 Nc6 7.e3 Bg4 8.Bd3 e6
9.h3 Bh5 10.O-O Be7 11.Rc1 O-O 12.Be2 Ne8 13.Na4 Bxf3 14.Bxf3  1/2-1/2

[Event "Moscow ol (Men)"]
[Site "Moscow"]
[Date "1994.??.??"]
[Round "3"]
[White "Adianto, Utut"]
[Black "Atalik, Suat"]
[Result "1/2-1/2"]
[WhiteElo "2520"]
[BlackElo "2535"]

1.d4 d5 2.c4 c6 3.Nc3 Nf6 4.Nf3 a6 5.cxd5 cxd5 6.Bf4 Nc6 7.e3 Bg4 8.Bd3 e6
9.Qb3 Bxf3 10.gxf3 Ra7 11.Rc1 Bd6 12.Bg3 O-O 13.O-O g6 14.Na4 Bxg3 15.hxg3 e5
16.dxe5 Nxe5 17.Be2 b5 18.Nc5 Nc4 19.Qc3 Qe7 20.b3 Rc8 21.Nd3 Nd6 22.Qb2 Rac7
23.Rxc7 Rxc7 24.Rc1 Nde8 25.Rxc7 Qxc7 26.g4 h6 27.Bf1 a5 28.Qd4 b4 29.Nf4 Qc6
30.Kg2 Nc7 31.Bd3 Nd7 32.Qa7 Qc5 33.Qb7 Ne5 34.Qc8+ Kg7 35.Bxg6 fxg6 36.Qxc7+ Qxc7
37.Ne6+ Kf7 38.Nxc7 d4 39.exd4 Nd3 40.Nd5 Ke6 41.Ne3 Nc1 42.f4 Nxa2 43.f5+ gxf5
44.gxf5+ Kf6 45.d5 Nc3 46.d6 h5 47.Kh3 a4 48.bxa4 b3 49.Nc4 Nxa4 50.Kh4 Nc5  1/2-1/2

[Event "Moscow ol (Women)"]
[Site "Moscow"]
[Date "1994.??.??"]
[Round "3"]
[White "Maric, Alisa"]
[Black "Botsari Miladinovic, Anna Maria"]
[Result "1/2-1/2"]
[WhiteElo "2400"]
[BlackElo "2330"]

1.d4 d5 2.c4 c6 3.Nf3 Nf6 4.Nc3 a6 5.e3 b5 6.b3 Bg4 7.h3 Bxf3 8.Qxf3 bxc4
9.bxc4 e5 10.Bd2 Bb4 11.cxd5 Qa5 12.Nb1 cxd5 13.dxe5 Ne4 14.Qd1 Nd7 15.Bd3 Nxd2
16.Nxd2 Nxe5 17.Be2 Nc4 18.Bxc4 dxc4 19.Qc2 O-O 20.Rd1 Rad8 21.Ke2 Bxd2 22.Rxd2 Rxd2+
23.Qxd2 c3 24.Qc2 Rd8 25.Rd1 Rxd1 26.Kxd1 Qd5+ 27.Ke1 Qxg2 28.Qxc3 Qxh3 29.Qc6 h5
30.Qe8+ Kh7 31.Qxf7 Qg4 32.Qd5 h4 33.Qd3+ g6 34.Qxa6 h3 35.Qf6 Qb4+ 36.Kf1 Qb1+
37.Ke2 Qxa2+ 38.Kf3 Qd5+ 39.Kg3 Qg2+ 40.Kh4 h2 41.Qf7+ Kh8 42.Qf8+ Kh7 43.Qf7+  1/2-1/2

[Event "Moscow op"]
[Site "Moscow"]
[Date "1994.??.??"]
[Round "4"]
[White "Ivanov, Timur"]
[Black "Volodin, Viktor"]
[Result "1/2-1/2"]
[WhiteElo "2435"]
[BlackElo "2370"]

1.Nf3 d5 2.d4 Nf6 3.c4 c6 4.Nc3 a6 5.a4 e6 6.g3 dxc4 7.Bg2 c5 8.O-O Nc6 9.Ne5 Na5
10.e3 Be7 11.Ne2 O-O 12.Bd2 Nb3 13.Rb1 cxd4 14.exd4 Nxd4 15.Nxc4 Nc6 16.b4 Nd5
17.b5 axb5 18.axb5 Nb8 19.Nf4 Nd7 20.Nxd5 exd5 21.Bxd5 Nf6 22.Bg2 Bf5 23.Rc1 Be4  1/2-1/2

[Event "Moscow ol (Women)"]
[Site "Moscow"]
[Date "1994.??.??"]
[Round "8"]
[White "Maric, Alisa"]
[Black "Voiska, Margarita"]
[Result "1-0"]
[WhiteElo "2400"]
[BlackElo "2350"]

1.d4 d5 2.c4 c6 3.Nf3 Nf6 4.Nc3 a6 5.e3 b5 6.b3 Bg4 7.h3 Bxf3 8.Qxf3 e6 9.Bd3 Bb4
10.Bd2 O-O 11.O-O Nbd7 12.a3 bxc4 13.bxc4 Ba5 14.Rfd1 Rb8 15.cxd5 cxd5 16.Qe2 Rb3
17.Rdc1 e5 18.Bxa6 exd4 19.exd4 Rb2 20.Bd3 Nb6 21.Rab1 Na4 22.Rxb2 Nxb2 23.Bg5 Nxd3
24.Qxd3 Bxc3 25.Rxc3 Qd6 26.Bxf6 Qxf6 27.Rc5 Rd8 28.a4 Qe6 29.Qe3 Rb8 30.a5 h6
31.Kh2 Rb4 32.a6 Qxe3 33.fxe3 Ra4 34.Rc8+ Kh7 35.Ra8 Kg6 36.Kg3 Kf6 37.Kf3 Ra1
38.g4 Ra3 39.h4 g6 40.Kf4 g5+ 41.hxg5+ hxg5+ 42.Kf3 Ra2 43.a7 Ke7 44.e4  1-0

[Event "Moscow ol (Women)"]
[Site "Moscow"]
[Date "1994.??.??"]
[Round "10"]
[White "Litinskaya, Marta I"]
[Black "Macek, Vlasta"]
[Result "1/2-1/2"]
[WhiteElo "2295"]
[BlackElo "2225"]

1.c4 Nf6 2.Nf3 c6 3.d4 d5 4.Nc3 a6 5.e3 b5 6.cxd5 cxd5 7.Be2 e6 8.O-O Be7
9.Bd2 O-O 10.Ne5 Bb7 11.Rc1 Nbd7 12.a4 b4 13.Na2 Qb6 14.Qe1 a5 15.Nxd7 Nxd7
16.Bb5 Nf6 17.f3 Rac8 18.Qe2 Rxc1 19.Rxc1 Rc8 20.Kf2 Bd6 21.h3 h5 22.Rxc8+ Bxc8
23.Ke1 Kf8 24.Kd1 Bd7 25.Nc1 Ke7 26.Bxd7 Nxd7 27.Be1 Kd8 28.Qc2 Nf8 29.Nb3 Qc7
30.Bh4+ f6 31.Qd3 Qb6 32.Qb5 Qxb5 33.axb5 Kc7 34.Nxa5 Kb6 35.Nb3 Kxb5 36.Kc2 g5
37.Be1 Ng6 38.g4 h4 39.Nc1 e5 40.Nb3 Ne7 41.dxe5 Bxe5 42.Nc1 Nc6 43.Ne2 Bd6
44.Bd2 Bc5 45.f4 Be7 46.Bc1 Kc5 47.Kd3 Na5 48.Nd4 Nc4 49.Nf5 Bd8 50.e4 gxf4
51.exd5 Kxd5 52.Bxf4 Nxb2+ 53.Kc2 Nc4 54.Nxh4 Ke4 55.Bh6 Ne5 56.Kb3 Be7 57.Bg7 Nc6
58.Nf5 Nd4+ 59.Nxd4 Kxd4 60.h4 Kd5 61.h5 Ke6 62.Bh6 f5 63.gxf5+ Kxf5 64.Bd2  1/2-1/2

[Event "Moscow ol (Men)"]
[Site "Moscow"]
[Date "1994.??.??"]
[Round "12"]
[White "Lobron, Eric"]
[Black "Magem Badals, Jorge"]
[Result "1/2-1/2"]
[WhiteElo "2580"]
[BlackElo "2520"]

1.d4 d5 2.Nf3 Nf6 3.c4 c6 4.Nc3 a6 5.Bg5 Ne4 6.h4 Nxc3 7.bxc3 dxc4 8.e4 b5
9.Ne5 Qa5 10.Bd2 e6 11.Rh3 Nd7 12.Nxd7 Bxd7 13.Qh5 O-O-O 14.Rg3 f6 15.a4 g6
16.Qd1 Qb6 17.Qb1 Qb7 18.Ra2 c5 19.Rb2 Qc7 20.axb5 axb5 21.Rf3 Be7 22.d5 exd5
23.exd5 Rhe8 24.Bxc4 bxc4 25.Qa1 Bc6 26.dxc6 Qxc6 27.Kf1 f5 28.Qa7 Bd6 29.Rb6 Qd5
30.Qa6+ Kc7 31.Qa7+ Kc8 32.Qa6+ Kc7 33.Qa7+ Kc8 34.Qa6+  1/2-1/2

[Event "Moscow ol (Women)"]
[Site "Moscow"]
[Date "1994.??.??"]
[Round "13"]
[White "Tazhieva, Lyazzat"]
[Black "Sheremetieva, Marina"]
[Result "1-0"]
[WhiteElo "2250"]
[BlackElo "2285"]

1.d4 d5 2.Nf3 Nf6 3.c4 c6 4.Nc3 a6 5.a4 e6 6.Bg5 h6 7.Bxf6 Qxf6 8.g3 Nd7
9.Bg2 Bb4 10.O-O Bxc3 11.bxc3 dxc4 12.a5 e5 13.Qa4 Qe6 14.e4 O-O 15.Rfe1 Rb8
16.Rad1 c5 17.d5 Qd6 18.Qxc4 b5 19.axb6 Nxb6 20.Qa2 c4 21.Rb1 Re8 22.Qa5 f5
23.Nd2 Kh8 24.Rb4 Bd7 25.Qxa6 Qc5 26.Reb1 Bc8 27.Qb5 Qe7 28.Qa5 Qg5 29.Nf3 Qd8
30.Rxb6 fxe4 31.Nh4 Rxb6 32.Qxb6 Qxd5 33.Qg6 Qg8 34.Bxe4 Re6 35.Rb8  1-0

[Event "JUG-chT"]
[Site "Nis"]
[Date "1994.??.??"]
[Round "?"]
[White "Marjanovic, Slavoljub"]
[Black "Simic, Radoslav"]
[Result "1/2-1/2"]
[WhiteElo "2425"]
[BlackElo "2495"]

1.d4 d5 2.c4 c6 3.Nf3 Nf6 4.Nc3 a6 5.cxd5 cxd5 6.Qb3 e6 7.Bf4 Be7 8.e3 O-O
9.h3 b5 10.Bd3 Nc6 11.O-O Bb7 12.Rfc1 Rc8 13.Ne5 Na5 14.Qd1 Nc4  1/2-1/2

[Event "NLD-chT9495"]
[Site "?"]
[Date "1994.??.??"]
[Round "8"]
[White "Tondivar, Babak"]
[Black "Van der Wal, Jannes"]
[Result "1-0"]
[WhiteElo "2345"]
[BlackElo "2330"]

1.d4 d5 2.c4 c6 3.Nf3 Nf6 4.Nc3 a6 5.e3 b5 6.b3 Bg4 7.Be2 e6 8.O-O Bd6 9.Ne5 Bxe2
10.Qxe2 O-O 11.Bb2 Ne4 12.Rac1 Nxc3 13.Bxc3 dxc4 14.bxc4 b4 15.Bb2 Bxe5 16.dxe5 Qa5
17.f4 Rd8 18.Rcd1 Ra7 19.Bd4 Rad7 20.c5 Rb7 21.g4 Qb5 22.Qf3 Qc4 23.f5 Qxa2
24.Qf4 Kh8 25.Qg5 Rg8 26.Rf3 Nd7 27.Rh3 Nf8 28.Ra1 Qe2 29.Qf4 b3 30.Rf3 b2
31.Rb1 Qc2 32.Rff1 Nd7 33.Qf3 Rc8 34.fxe6 fxe6 35.Qf7 Qg6 36.Qxg6 hxg6 37.Rxb2 Rxb2
38.Bxb2 Nxc5 39.Rf7 Kg8 40.Ra7 Rb8 41.Ba3 Ne4 42.Kg2 Rb1 43.Ra8+ Kh7 44.Re8 Rb3
45.Bf8 Rxe3 46.Rxe6 Re2+ 47.Kg1 Kg8 48.Bd6 Nxd6 49.Rxd6 Rc2 50.Rd7 a5 51.e6 Kf8
52.Rf7+ Ke8 53.Rxg7 a4 54.Ra7 Rc4 55.h3 c5 56.Kf2 Rb4 57.Ke3 Rb3+ 58.Ke4 a3
59.Ke5 Rxh3 60.Kf6 Rf3+ 61.Kxg6 c4 62.g5 Rd3 63.Kf6 Rf3+ 64.Ke5 c3 65.Rxa3 c2
66.Ra8+ Ke7 67.Rc8 Re3+ 68.Kf5 Re2 69.Rc6 Rf2+ 70.Kg6  1-0

[Event "NOR-chT east"]
[Site "NOR"]
[Date "1994.??.??"]
[Round "4"]
[White "Tisdall, Jonathan D"]
[Black "Agdestein, Simen"]
[Result "0-1"]
[WhiteElo "2465"]
[BlackElo "2595"]

1.Nf3 Nf6 2.c4 c6 3.d4 d5 4.Nc3 a6 5.a4 g6 6.e3 Bg7 7.Be2 O-O 8.O-O Bg4 9.Qb3 Ra7
10.a5 e6 11.h3 Bxf3 12.Bxf3 Nbd7 13.Bd2 Re8 14.Rfd1 h5 15.Be1 Qc7 16.Na4 Raa8
17.Rac1 Rac8 18.Bb4 Qb8 19.Qa3 Bf8 20.Bxf8 Rxf8 21.Nc5 Nxc5 22.Qxc5 Rfe8
23.Rc3 Rcd8 24.Rb3 Rd7 25.g3 Qd8 26.Rc1 Ree7 27.Kg2 Qf8 28.Rd1 Qg7 29.h4 Ne8
30.cxd5 exd5 31.Rb6 Qf6 32.Qc2 Nd6 33.Rb3 Re8 34.Rc3 Kg7 35.b4 Rde7 36.Qd2 Rh8
37.Qc2 Nf5 38.Qd3 Rhe8 39.Rg1 Qd6 40.Rc5 Qf6 41.Rgc1 Qd6 42.b5 Rxe3 43.Qd2 axb5
44.a6 R3e6 45.axb7 Ne7 46.Qa5 Rb8 47.Qa7 Qd8 48.Ra1 Qc7 49.Qa2 Qxb7 50.Qd2 Ra8
51.Rac1 Ra4 52.Qf4 Qd7 53.g4 hxg4 54.Bxg4 f5 55.Bf3 Qd6 56.Qd2 Rc4 57.h5 Rxc5
58.Rxc5 gxh5 59.Bxh5 Ng6 60.Rc3 Nf4+ 61.Kf1 Rh6 62.Rg3+ Kf6 63.Rf3 Rxh5 64.Rxf4 Qe6
65.Qc2 Rh1+ 66.Kg2 Rh6 67.Qc5 Qg8+ 68.Kf3 Rh3+ 69.Ke2 Qe6+ 70.Kf1 Rh1+ 71.Kg2 Rh8
72.Qc2 Qg8+ 73.Kf3 Rh3+ 74.Ke2 Qe6+ 75.Kf1 b4 76.Qc5 b3 77.Qb4 Kg5 78.Qd2 Rh1+
79.Kg2 Qe1  0-1

[Event "Oberwart op"]
[Site "Oberwart"]
[Date "1994.??.??"]
[Round "4"]
[White "Holzmann, Herbert"]
[Black "Zagrebelny, Sergey"]
[Result "0-1"]
[WhiteElo "2220"]
[BlackElo "2515"]

1.d4 d5 2.c4 c6 3.Nc3 Nf6 4.Nf3 a6 5.e3 b5 6.cxd5 cxd5 7.Qb3 e6 8.Bd3 Nbd7
9.Bd2 Bd6 10.O-O O-O 11.Rac1 Bb7 12.a3 Ne4 13.Rfd1 Nxd2 14.Rxd2 Nb6 15.Bb1 Nc4
16.Re2 Rc8 17.Rd1 f5 18.a4 Na5  0-1

[Event "Oberwart op"]
[Site "Oberwart"]
[Date "1994.??.??"]
[Round "8"]
[White "Eingorn, Vereslav S"]
[Black "Zagrebelny, Sergey"]
[Result "1-0"]
[WhiteElo "2585"]
[BlackElo "2515"]

1.Nf3 d5 2.d4 Nf6 3.c4 c6 4.Nc3 a6 5.c5 g6 6.Bf4 Bg7 7.h3 O-O 8.e3 Nbd7 9.Be2 Ne8
10.O-O Nc7 11.Na4 Re8 12.Bg3 Nb5 13.Ne5 Nxe5 14.Nb6 Rb8 15.Bxb5 axb5 16.dxe5 Bf5
17.a4 bxa4 18.Rxa4 e6 19.f3 g5 20.e4 Bg6 21.exd5 exd5 22.e6 fxe6 23.Bxb8 Qxb8
24.Qd2 Qd8 25.Ra8 Qf6 26.Rxe8+ Bxe8 27.b4 Qd4+ 28.Qxd4 Bxd4+ 29.Kh1 Bc3 30.Na4 Bd4
31.Rd1 e5 32.Nb6 Bc3 33.Na4 Bd4 34.Nb6 Kf7 35.Nc8 Ke6 36.Nd6 Bd7 37.Nxb7 Bc3
38.b5 cxb5 39.Nd8+ Ke7 40.Rxd5 b4 41.c6 Bc8 42.c7 b3 43.Nc6+ Ke6 44.Rb5 b2
45.Na7 Kd7 46.Rb3 e4 47.fxe4 Be5 48.g4 Kxc7 49.Nxc8 Kxc8 50.Kg2 Kd7 51.Kf3 Kd6
52.Ke2 Kc5 53.Kd3 Bf6 54.Kc2 Kd4 55.Rxb2 Kxe4 56.Rb7 h6 57.Rh7 Be5 58.Rxh6 Bf4
59.Kc3  1-0

[Event "DEN-ch"]
[Site "Odense"]
[Date "1994.??.??"]
[Round "4"]
[White "Nielsen, Peter Heine"]
[Black "Schandorff, Lars"]
[Result "1/2-1/2"]
[WhiteElo "2475"]
[BlackElo "2430"]

1.Nf3 d5 2.d4 Nf6 3.c4 c6 4.Nc3 a6 5.a4 e6 6.g3 dxc4 7.Bg2 c5 8.O-O Nc6 9.dxc5 Qxd1
10.Nxd1 Bxc5 11.Be3 Bb4 12.Rc1 e5 13.Nd2 Bg4 14.f3 Be6 15.Nxc4 O-O 16.f4 exf4
17.gxf4 Bd5 18.Nb6 Bxg2 19.Kxg2 Rad8 20.Rc4 Rfe8 21.Kf3 Ba5 22.Bg1 Rd2 23.Be3 Rd6
24.Bc5 Rde6 25.b4 Bxb6 26.Bxb6 Nd7 27.Bc7 b5 28.axb5 axb5 29.Rc3 Nd4+ 30.Kg2 Rxe2+
31.Nf2 Nf5 32.Rfc1 h6 33.Rd3 Nf6 34.Rc5 Ne4 35.Rxf5 Nxf2 36.Rd8 Nd3+ 37.Kg1 Re1+
38.Kg2 Re2+ 39.Kg1 Re1+ 40.Kg2 Rxd8 41.Bxd8 Re4 42.Rxb5 Rxf4 43.Ba5 Rf2+
44.Kg3 Ra2 45.h4 Ra3 46.Kg2 Kh7 47.h5 g6 48.hxg6+ Kxg6 49.Bc7 Ra7 50.Bg3 f5
51.Ra5 Rb7 52.b5 f4 53.Ra3 Rd7 54.Bf2 Nxf2  1/2-1/2

[Event "Orel2"]
[Site "Orel"]
[Date "1994.??.??"]
[Round "5"]
[White "Kazhgaleyev, Murtas"]
[Black "Komliakov, Viktor"]
[Result "1/2-1/2"]
[WhiteElo "2490"]
[BlackElo "2455"]

1.Nf3 d5 2.d4 Nf6 3.c4 c6 4.Nc3 a6 5.cxd5 cxd5 6.Bf4 Nc6 7.e3 Bg4 8.h3 Bxf3
9.Qxf3 e6 10.Bd3 Bd6 11.Bg5 h6 12.Bh4 Be7 13.O-O O-O 14.a3 Rc8 15.Rac1 Qd7
16.Rfd1 Na5 17.Bb1 Nc4 18.Qe2 b5 19.Bd3 Rc7 20.Bg3 Bd6 21.Bxd6 Nxd6 22.Rc2 Rfc8
23.Rdc1 Nc4 24.Nb1 Qd6 25.b3 Na5 26.Rxc7 Rxc7 27.Rxc7 Qxc7 28.Qc2 Ne8 29.Qxc7 Nxc7
30.Nd2 Kf8 31.Kf1 Ke7 32.Ke2 Kd6 33.Bc2 Nc6 34.f4 f6 35.Nf3 Na8 36.g4 Nb6
37.Kd2 Nc8 38.Kc3 g5 39.h4 gxh4 40.Nxh4 a5 41.Kd2 b4 42.a4 N8e7 43.Ke2 e5
44.dxe5+ fxe5 45.g5 hxg5 46.fxg5 e4 47.Kf2 Ke5 48.Bd1 Nd8 49.Kg3 Ne6 50.Kg4 d4
51.exd4+ Nxd4 52.g6 Ne6 53.Be2 Nf4 54.g7 Nxe2 55.Ng6+ Kf6 56.Nxe7 Kxg7 57.Nc6 Nc1
58.Nxa5 e3 59.Kf3 e2 60.Kf2 Kf6 61.Nc6  1/2-1/2

[Event "Osterskan op"]
[Site "Osterskan"]
[Date "1994.??.??"]
[Round "?"]
[White "Eriksson, Jorgen"]
[Black "Engqvist, Thomas"]
[Result "1-0"]
[WhiteElo "2205"]
[BlackElo "2440"]

1.d4 d5 2.c4 c6 3.Nf3 Nf6 4.Nc3 a6 5.cxd5 cxd5 6.Bf4 Nc6 7.e3 Bg4 8.Bd3 e6
9.h3 Bh5 10.g4 Bg6 11.Bxg6 hxg6 12.Ng5 Qb6 13.O-O Qd8 14.Qf3 Be7 15.Kg2 Rc8
16.Rac1 Na5 17.Nb1 Nc4 18.b3 Nd6 19.Nd2 Nb5 20.Nb1 Bb4 21.Be5 Ke7 22.e4 dxe4
23.Nxe4 Nxe4 24.Qxe4 Qd5 25.Qxd5 exd5 26.a4 Na7 27.Bxg7 Rhg8 28.Bh6 Nc6 29.Be3 Na5
30.Bd2 Bxd2 31.Nxd2 Nc6 32.Nf3 Na5 33.Rfe1+ Kf6 34.Rxc8 Rxc8 35.Re3 Rc2 36.Ne5 Kg7
37.g5 Rd2 38.Rf3 Rxd4 39.Rxf7+ Kg8 40.Rf6 Nxb3 41.Rxg6+ Kh7 42.Rf6 Nc5 43.f4 Rd2+
44.Kf3 b5 45.axb5 axb5 46.f5 Ne4 47.Rh6+ Kg8 48.Rg6+ Kh7 49.f6 Rf2+ 50.Ke3 d4+
51.Kxe4 Re2+ 52.Kxd4 Rxe5 53.Rh6+ Kg8 54.Kxe5  1-0

[Event "Passau op"]
[Site "Passau"]
[Date "1994.??.??"]
[Round "?"]
[White "Schlosser, Philipp"]
[Black "Velicka, Petr"]
[Result "1-0"]
[WhiteElo "2540"]
[BlackElo "2415"]

1.d4 d5 2.c4 c6 3.Nf3 Nf6 4.Nc3 a6 5.a4 e6 6.g3 dxc4 7.Bg2 c5 8.O-O Nc6 9.Ne5 Bd7
10.Be3 cxd4 11.Bxd4 Rc8 12.Bxc6 Bxc6 13.Nxc4 Nd5 14.Ne5 Nxc3 15.Nxc6 Nxe2+
16.Qxe2 Rxc6 17.Rfd1 f6 18.b4 Kf7 19.Be3 Qc8 20.b5 axb5 21.axb5 Rc3 22.Ra7 Bc5
23.Bxc5 Rxc5 24.Rd6 Re8 25.Qd3 g6 26.Kg2 Re7 27.Rd8 Rc3 28.Qd2 Rc2 29.Qh6 Qxd8
30.Qxh7+ Ke8 31.Qxg6+ Rf7 32.Qxc2 Qd5+ 33.f3 Kf8 34.b6 Rd7 35.Qg6 Qg5 36.Ra8+ Ke7
37.Qe8+ Kd6 38.h4 Qd2+ 39.Kh3 Qd4 40.Rd8 Qa4 41.h5  1-0

[Event "Peristeri"]
[Site "Peristeri"]
[Date "1994.??.??"]
[Round "2"]
[White "Frendzas, Panayotis"]
[Black "Atalik, Suat"]
[Result "1/2-1/2"]
[WhiteElo "2380"]
[BlackElo "2535"]

1.Nf3 d5 2.d4 Nf6 3.c4 c6 4.Nc3 a6 5.cxd5 cxd5 6.Bf4 Nc6 7.Ne5 e6 8.e3 Nxe5
9.Bxe5 Bd6 10.Bg3 Ne4 11.Rc1 Nxg3 12.hxg3 Bd7 13.Bd3 Bc6 14.f4 h6 15.Kf2 Qf6
16.Qf3 Kd7 17.g4 Rhc8 18.Rh5 Bf8 19.f5 Kc7 20.g5 hxg5 21.Qg3+ Kb6 22.Qxg5 Qxg5
23.Rxg5 f6 24.Rg6 Bd7 25.fxe6 Bxe6 26.Be2 Rc6 27.Rg3 g5 28.e4 Ka7 29.exd5 Bxd5
30.Bf3 Bxf3 31.Rxf3 Rd8 32.Rd1 Bb4 33.d5 Rcd6 34.Ne4 Rxd5 35.Rxd5 Rxd5 36.Rxf6  1/2-1/2

[Event "PER-ch"]
[Site "Peru"]
[Date "1994.??.??"]
[Round "2"]
[White "Urday, Henry"]
[Black "Oblitas, Carlomagno"]
[Result "0-1"]
[WhiteElo "2470"]
[BlackElo "2480"]

1.d4 d5 2.c4 c6 3.Nf3 Nf6 4.Nc3 a6 5.a4 e6 6.a5 Nbd7 7.Bg5 h6 8.Bh4 g5 9.Bg3 Nh5
10.e3 Nxg3 11.hxg3 Bg7 12.g4 Qe7 13.cxd5 exd5 14.Bd3 Nf8 15.Qa4 Be6 16.Bf5 Nd7
17.Qc2 Bxf5 18.Qxf5 Qe6 19.Ne2 Nf6 20.Ne5 Ne4 21.Nd3 Qxf5 22.gxf5 h5 23.Ng3 Nxg3
24.fxg3 O-O-O 25.Kd2 Bf6 26.Rh2 Rde8 27.Rah1 h4 28.g4 Bd8 29.Ra1 Bc7 30.Rhh1 Re4
31.Nf2 Re7 32.Rh3 Bg3 33.Nh1 Bd6 34.Nf2 Rhe8 35.Rf3 Bg3 36.Nh1 Bd6 37.Nf2 Kb8
38.Nd3 Ka8 39.Ra4 Re4 40.Nf2 R4e7 41.Nd3 Ka7 42.Ra1 f6 43.Ra4 Rc8 44.Ra1 Rb8
45.Rc1 Re4 46.Nf2 Bb4+ 47.Ke2 Re7 48.Ra1 b6 49.Rc1 bxa5 50.Rxc6 Rb6 51.Rxb6 Kxb6
52.e4 dxe4 53.Re3 Rc7 54.Nxe4 Rc2+ 55.Kf3 Rxb2 56.Nxf6 Rd2 57.Ne4 Rxd4 58.Nxg5 a4
59.Ne6 Rd2 60.f6 a3 61.f7 a2 62.Re1 Rf2+ 63.Kxf2 Bxe1+ 64.Kxe1 a1=Q+ 65.Kd2 Qa5+
66.Kc2 Qa4+ 67.Kb2 Qb5+ 68.Ka3 Qd3+ 69.Kb2 Qd2+ 70.Kb3 Qd5+ 71.Ka3 Qd6+ 72.Kb2 Qe5+
73.Kc2 Qe4+ 74.Kd1 Qxg4+ 75.Kc1 Qc4+ 76.Kd2 Qd5+ 77.Kc3 Qc6+ 78.Kb4 a5+ 79.Ka3 Qd6+
80.Kb2 Qe5+ 81.Ka3 Qe3+ 82.Ka4 Qxe6  0-1

[Event "PER-ch"]
[Site "Peru"]
[Date "1994.??.??"]
[Round "4"]
[White "Cruz, Filemon"]
[Black "Gonzales, Manuel"]
[Result "1-0"]
[WhiteElo "2405"]
[BlackElo "2265"]

1.d4 d5 2.c4 c6 3.Nf3 Nf6 4.Nc3 a6 5.e3 g6 6.Be2 Bg7 7.O-O O-O 8.Ne5 Re8
9.a4 Be6 10.Qb3 Qc7 11.Bd2 Nbd7 12.f4 Ne4 13.Nxe4 dxe4 14.Qc2 f5 15.Nxd7 Qxd7
16.c5 Bd5 17.b4 g5 18.fxg5 e5 19.dxe5 Bxe5 20.Bc3 Qg7 21.Bxe5 Rxe5 22.Qc3 Rae8
23.h4 h6 24.gxh6 Qxh6 25.Rf4 Kh7 26.Raf1 Qe6 27.Kh2 Rg8 28.g4 fxg4 29.Kg3 Qe7
30.Rf5 Rxf5 31.Rxf5 Rg6 32.Rh5+ Rh6 33.Rxh6+ Kxh6 34.Qh8+ Kg6 35.Bxg4 Qc7+
36.Kh3 a5 37.Bh5+ Kf5 38.Qf8+  1-0

[Event "Wisla op (Women)"]
[Site "Poland"]
[Date "1994.??.??"]
[Round "?"]
[White "Dambravaite, Rita"]
[Black "Nowicki, Eva"]
[Result "1-0"]
[WhiteElo "2180"]
[BlackElo "2140"]

1.d4 d5 2.c4 c6 3.Nf3 Nf6 4.Nc3 a6 5.a4 e6 6.cxd5 exd5 7.Bg5 Be7 8.Qc2 a5
9.e3 Na6 10.Bxa6 Rxa6 11.O-O h6 12.Bh4 g6 13.e4 dxe4 14.Nxe4 Bf5 15.Bxf6 Bxf6
16.Nxf6+ Qxf6 17.Qc5 Qe7 18.Rfe1 Be6 19.Ne5 Qxc5 20.dxc5 Ke7 21.Rad1 Raa8
22.Rd6 Kf6 23.Nxf7 Kxf7 24.Rexe6 g5 25.Rf6+ Kg7 26.g3 Rad8 27.Rxh6 Rxd6 28.Rxd6 Re8
29.Rd7+ Kg6 30.Rxb7 Re5 31.Kg2 Rxc5 32.h3 Rc4 33.b3 Rc3 34.g4 Kf6 35.f3 Kg6
36.Kg3 Kf6 37.Rb6 Kg7 38.Ra6 Rc5 39.h4 gxh4+ 40.Kxh4 Kg6 41.f4  1-0

[Event "CRO-ch"]
[Site "Porec"]
[Date "1994.??.??"]
[Round "?"]
[White "Lazovic, Gordan"]
[Black "Bukal, Vladimir Sr"]
[Result "1-0"]
[WhiteElo "2305"]
[BlackElo "2405"]

1.d4 d5 2.c4 c6 3.Nf3 Nf6 4.Nc3 a6 5.e3 b5 6.b3 Bg4 7.Be2 e6 8.O-O Qa5 9.Bd2 Bb4
10.Qe1 bxc4 11.a3 Be7 12.bxc4 dxc4 13.Bxc4 Bxf3 14.Nb5 Qd8 15.Ba5 axb5 16.Bxd8 Bxd8
17.gxf3 bxc4 18.Qb4 Nfd7 19.Rfb1 Ra5 20.a4 c5 21.Qxc4 cxd4 22.Qxd4 Bf6 23.Qc4 O-O
24.Ra2 Ne5 25.Qe2 Nec6 26.Rb5 Ra8 27.f4 Na6 28.Qc4 Rfc8 29.Qe4 Ne7 30.Rc2 Rd8
31.Ra5 Nd5 32.Rc6 Ndb4 33.Rd6 Rdc8 34.f5 Be7 35.Rd7 Nc6 36.fxe6 Nxa5 37.exf7+ Kh8
38.Rxe7  1-0

[Event "ROM-ch (Women)"]
[Site "ROM"]
[Date "1994.??.??"]
[Round "?"]
[White "Belc Popovici, Daniela"]
[Black "Ionescu Brandis, Irina"]
[Result "1-0"]
[WhiteElo "2070"]
[BlackElo "2200"]

1.d4 d5 2.c4 c6 3.Nf3 Nf6 4.Nc3 a6 5.Bf4 dxc4 6.a4 Nd5 7.e3 Nxf4 8.exf4 e6
9.Bxc4 Be7 10.O-O O-O 11.Qc2 Nd7 12.Ne4 Nb6 13.Bd3 h6 14.Nc3 Nd7 15.Rfe1 c5
16.Rad1 cxd4 17.Nxd4 Bf6 18.Nf3 Qb6 19.Ne5 Nc5 20.Bc4 Bxe5 21.fxe5 Bd7 22.Rd6 Qb4
23.Qe2 Bxa4 24.Na2 Qa5 25.b4 Qc7 26.bxc5 Qxc5 27.h3 Rac8 28.Bd3 Qa5 29.Qe4 g6
30.Rxe6 Qxe1+ 31.Qxe1 fxe6 32.Bxg6 Kg7 33.Bd3 Bc2 34.Nb4 Bxd3 35.Nxd3 b5
36.Qe4 Rf7 37.Qg4+ Kh7 38.Qxe6  1-0